|
|
|
|
| LEADER |
00826nta a2200205 i 4500 |
| 001 |
dokt8039 |
| 005 |
20221024130222.0 |
| 008 |
221024s1975 hu om 0|| hun d |
| 040 |
|
|
|a SZTE Doktori Repozitórium
|b hun
|
| 041 |
|
|
|a hun
|
| 100 |
1 |
|
|a Herendi István
|
| 245 |
1 |
0 |
|a Földrajzi paraméterek mennyiségi értékelésére és előrejelzésére szolgáló módszer kidolgozása, különös tekintettel a csapadék statisztikai előrejelzésére
|h [elektronikus dokumentum] /
|c Herendi István
|
| 260 |
|
|
|c 1975
|
| 502 |
|
|
|a Disszertacio
|
| 650 |
|
4 |
|a földtudományok
|
| 650 |
|
4 |
|a Természettudományok
|
| 650 |
|
4 |
|a Föld- és kapcsolódó környezettudományok
|
| 695 |
|
|
|a Éghajlattan
|
| 700 |
1 |
|
|a Nincs megadva
|e ths
|
| 856 |
4 |
0 |
|u https://doktori.bibl.u-szeged.hu/id/eprint/8039/1/1975_herendi_istvan.pdf
|z Dokumentum-elérés
|